000 00546nam a22001817a 4500
005 20251108175215.0
008 250721s1990 xx 000 0 ara d
082 1 4 _aط/811.9/عمر
100 1 _aعمرو، جمال
245 1 0 _aنسعى الى مستقبل /
264 1 _aمصر :
_bالهيئة المصرية العامة للكتاب،
_c1990.
300 _a35ص.
650 1 7 _aالشعر العربي
650 1 7 _aالعصر الحديث
653 _aناشئون صغار (10-14) سنة
942 _2ddc
_cBK
999 _c128699
_d128699